| 000 | 00906nam a22002297a 4500 | ||
|---|---|---|---|
| 999 |
_c2820 _d2820 |
||
| 003 | AR-CdUCM | ||
| 008 | 190305b ||||| |||| 00| 0 spa d | ||
| 040 |
_aMUNICIPALIDAD PROVINCIAL DEL CUSCO _cBIBLIOTECA MUNICIPAL DEL CUSCO |
||
| 041 | _hita | ||
| 082 |
_a340.7 / _bC17 |
||
| 100 |
_aCalamandrei, Piero _99811 |
||
| 245 | _aDemasiados abogados / | ||
| 260 |
_aBuenos Aires : _bEdiciones Juridicas Europa-América, _c1960. |
||
| 300 |
_a333 páginas ; _c16 cm. |
||
| 440 |
_aBreviearios de derecho. _n32 _99812 |
||
| 505 | _aContenido: Premisas y posición del problema -- El exceso de profesionales de la abogacía en Italia y sus consecuencias-- Las causas del número excesivo de abogados y procuradores -- Remedios contra el exceso de abogados y procuradores. | ||
| 650 |
_aDerecho _9739 |
||
| 650 |
_aAbogados-profesión _99813 |
||
| 650 |
_aItalia _92273 |
||
| 942 |
_2ddc _cLIBROS |
||
| 945 | _azta | ||